Five-by-Five: Faces of USA Quiz Stats

 Plays Quiz Updated Nov 3, 2017

Challenge
Share
Tweet
Score 0/25 Timer 05:00
0 Plays Today
Hint Answer % Correct
POLITICSAbraham Lincoln
99.2%
FILMMarilyn Monroe
97.9%
Barack Obama
97.8%
John Fitzgerald Kennedy
97.6%
Martin Luther King Jr.
97.6%
Serena Williams
94.8%
Oprah Winfrey
94.5%
Bill Gates
92.9%
Michael Jordan
89.6%
Theodore Roosevelt
88.8%
MISC.Ben Franklin
88.3%
Beyoncé
87.7%
Babe Ruth
87.4%
Hint Answer % Correct
Steven Spielberg
83.2%
Woody Allen
81.5%
Bob Dylan
72.7%
James Brown
72.4%
Jane Fonda
70.8%
Andy Warhol
66%
John Wayne
65.2%
Sitting Bull
58.6%
Danica Patrick
57.1%
SPORTSCarl Lewis
43.5%
MUSICBillie Holiday
31.7%
Miles Davis
28.8%

You're not logged in!

Compare scores with friends on all Sporcle quizzes.
OR
Log In

You Might Also Like...

Show Comments

Extras

Top Quizzes Today


Score Distribution

Your Account Isn't Verified!

In order to create a playlist on Sporcle, you need to verify the email address you used during registration. Go to your Sporcle Settings to finish the process.

Report this User

Report this user for behavior that violates our Community Guidelines.

Details: